000 00849nam a2200277Ia 4500
003 OSt
005 20220926033852.0
006 a|||||r|||| 00| 0
007 ta
008 220923b |||||||| |||| 00| 0 eng d
037 _cGeneral Book
040 _aRTL
_cRTL
_beng
041 _2eng
_aeng
082 _aZ2b4, L8
100 _aBharati Agehananda
_947994
110 _aAgehananda Bharati
_9339643
245 0 _aGreat tradition and little traditions
_b Indological investigations in cultural anthropology
260 _aVaranasi
_bChowkhamba
_c1978
300 _axvi,383p.
_ccm.
490 _aChowkhamba Sanskrit Studies; 24
500 _aBibliography: P 363-74
650 _aIndian law
700 _aAgehananda Bharati
_9339644
942 _hZ2b4, L8
_cGB
_2CC
999 _c658137
_d658137